00471nam a2200181 a 4500001001300000003000900013005001700022008004100039020002300080082001700103100001600120245003500136260003300171300000900204500003500213650002500248700001600273nice12345678IN_TiNIC20260116014330.0100105s2009 jaia grp 000 0 eng  a9788181522443c65000a200.922bSHA aSharma, S R aLife and Works of C.F. Andrews aJaipur bBook Enclave c2009 a214p aincludes index and biblioraphy aBiographies-Religion1 aSharma, S R